000 00825nam a2200265Ia 4500
003 OSt
005 20221006155938.0
006 a|||||r|||| 00| 0
007 ta
008 221006b |||||||| |||| 00| 0 eng d
020 _a9780415699969
_c
_145.00
024 _a43,910
037 _bGift, Embassy of Korea (Window on Korea)
_cTextual
040 _aEASL
_cEASL
_beng
041 _2eng
_aeng
082 _aV495:1973,(zM).N5, Q2
100 _aCasey Steven Ed.
_9671141
245 0 _aKorean war at sixty
_b New approaches to the study of the Korean war
260 _aLondon
_bRoutledge
_c2012
300 _a177p.
_ccm.
490 _v KEL
650 _aKEL
942 _hV495:1973,(zM).N5, Q2
_cTEXL
_2CC
999 _c1112002
_d1112002